01056nam a2200325Ia 450000500170000000800410001702000150005804100080007308200140008110000190009524500820011425000180019630000250021449000290023950000390026850400270030753400250033465000330035965000390039265000380043165000270046970000320049694200150052826400490054333600270059233700330061933800280065204000350068099900150071520220317001750.0170328s2003 m g 000 0 s  a9681652053 aspa04a808bK14e1 aKalman, Judith10aEscribir en la plazacJudith Kalman ; traducción de Victoria Ana Schussheim a1a. edición a237 páginasc21 cm aEspacios para la lectura aIncluye biográficos de la autora aIncluye bibliografía tWriting on the plaza142LEMBaComunicación escrita142LEMBaEscrituraxAspectos sociales142LEMBaPromoción de la escritura142LEMBaArte de escribir1 aSchussheim, Victoria911782 2ddccBKLIT aMéxicobFondo de Cultura Económicac2003 atextobtxt2rdacontent asin mediaciónbn2rdamedia avolumenbnc2rdacarrier aCO-BoRNBPbspaerdacCO-BoRNBP c8019d8019